[Event "SVK-chT2D 1920"]
[Site "Slovakia"]
[Date "2019.12.15"]
[Round "6.5"]
[White "Brodzak, Jan"]
[Black "Mnich, Jozef"]
[Result "0-1"]
[WhiteElo "1854"]
[BlackElo "2000"]
[PlyCount "100"]
[EventDate "2019.10.26"]
[EventType "team-tourn"]
[EventRounds "11"]
[EventCountry "SVK"]
[SourceTitle "CBM 194 Extra"]
[Source "ChessBase"]
[SourceDate "2020.03.31"]
[SourceVersion "1"]
[SourceVersionDate "2020.03.31"]
[SourceQuality "1"]
[WhiteTeam "Bardejov BSK II"]
[BlackTeam "Presov Tatran Dason"]
[WhiteTeamCountry "SVK"]
[BlackTeamCountry "SVK"]

1. c4 e6 2. d4 d5 3. e3 c6 4. Nc3 Bd6 5. c5 Bc7 6. f4 b5 7. a3 a5 8. Bd2 f5 9. Nf3 Nf6 10. Be2 Ne4 11. Nxe4 fxe4 12. Ng5 g6 13. Bg4 Qf6 14. 0-0 0-0 15. Qe1 h6 16. Nh3 Bd8 17. Nf2 Nd7 18. Bh3 Re8 19. Ng4 Qg7 20. Ne5 Nxe5 21. fxe5 Bd7 22. Qg3 Bg5 23. Bg4 Qe7 24. Qh3 Kg7 25. g3 Rf8 26. Qg2 h5 27. Be2 Rxf1+ 28. Rxf1 Rf8 29. h4 Bh6 30. Rxf8 Qxf8 31. Qf2 Qd8 32. Qe1 Qf8 33. Qf2 Qd8 34. Kg2 Be8 35. Qf6+ Qxf6 36. exf6+ Kxf6 37. Bxa5 Bxe3 38. Bc3 Kf5 39. b3 e5 40. a4 bxa4 41. bxa4 exd4 42. Bb4 d3 43. Bd1 Bd7 44. a5 Bc8 45. Kf1 Ke5 46. Ke1 Bd4 47. Ba4 e3 48. a6 d2+ 49. Ke2 Bxa6+ 50. Kd1 Bc8 0-1

[Event "SVK-chT2D 1819"]
[Site "Slovakia"]
[Date "2019.03.03"]
[Round "9.4"]
[White "Belis, Rudolf"]
[Black "Brodzak, Jan"]
[Result "1/2-1/2"]
[WhiteElo "1957"]
[BlackElo "1887"]
[PlyCount "46"]
[EventDate "2018.10.13"]
[EventType "team-tourn"]
[EventRounds "11"]
[EventCountry "SVK"]
[SourceTitle "CBM 189 Extra"]
[Source "ChessBase"]
[SourceDate "2019.06.03"]
[SourceVersion "1"]
[SourceVersionDate "2019.06.03"]
[SourceQuality "1"]
[WhiteTeam "Presov Tatran Dason"]
[BlackTeam "Bardejov BSK II"]
[WhiteTeamCountry "SVK"]
[BlackTeamCountry "SVK"]

1. e4 d5 2. exd5 Qxd5 3. Nc3 Qd6 4. d4 c6 5. Nf3 Bg4 6. Be2 e6 7. 0-0 Nf6 8. Bg5 Be7 9. Qd2 0-0 10. Rad1 Qc7 11. Rfe1 Re8 12. Ne5 Bxe2 13. Qxe2 Nbd7 14. Rd3 Qb6 15. Nxd7 Nxd7 16. Bxe7 Rxe7 17. b3 Rae8 18. Qg4 Nf6 19. Qh4 Qa5 20. Re5 Qa3 21. h3 Nd5 22. Nxd5 exd5 23. Rg3 Rxe5 1/2-1/2

[Event "SVK-chT2D 1819"]
[Site "Slovakia"]
[Date "2018.11.17"]
[Round "3.6"]
[White "Dujava, Daniel"]
[Black "Brodzak, Jan"]
[Result "1-0"]
[WhiteElo "1892"]
[BlackElo "1887"]
[PlyCount "91"]
[EventDate "2018.10.13"]
[EventType "team-tourn"]
[EventRounds "11"]
[EventCountry "SVK"]
[SourceTitle "CBM 187 Extra"]
[Source "ChessBase"]
[SourceDate "2018.11.04"]
[SourceVersion "1"]
[SourceVersionDate "2018.11.04"]
[SourceQuality "1"]
[WhiteTeam "Sabinov II"]
[BlackTeam "Bardejov BSK II"]
[WhiteTeamCountry "SVK"]
[BlackTeamCountry "SVK"]

1. e4 c5 2. Nf3 e6 3. d4 cxd4 4. Nxd4 a6 5. Bd3 Nc6 6. Nxc6 dxc6 7. 0-0 e5 8. Nd2 Qc7 9. Nc4 b5 10. Ne3 g6 11. Bd2 Bg7 12. a4 Bb7 13. axb5 axb5 14. Rxa8+ Bxa8 15. c4 Nf6 16. cxb5 0-0 17. bxc6 Qxc6 18. f3 Rd8 19. Bc3 Qb6 20. Qe2 Bh6 21. Re1 Qc5 22. Kh1 Nh5 23. g3 Bg7 24. Bb5 Rb8 25. Bc4 Qc8 26. Nd5 Bxd5 27. Bxd5 Qh3 28. Qg2 Qd7 29. Qf2 Qc7 30. Ra1 Qc8 31. Ra7 Qd8 32. Rxf7 Kh8 33. Ra7 Qg5 34. Ra1 Qe7 35. b3 Rc8 36. Bc4 Rd8 37. Qe2 Qd6 38. Bd5 Nf6 39. Rd1 Qc7 40. Qb2 Nh5 41. Qa1 Rf8 42. Kg1 h6 43. Qa5 Qb8 44. Bc4 Qe8 45. Bb4 Rg8 46. Bf7 1-0

[Event "SVK-chT2D 1617"]
[Site "Slovakia"]
[Date "2017.03.12"]
[Round "11.4"]
[White "Timko, Milan"]
[Black "Brodzak, Jan"]
[Result "1/2-1/2"]
[WhiteElo "2053"]
[BlackElo "1915"]
[PlyCount "20"]
[EventDate "2016.10.08"]
[EventType "team-tourn"]
[EventRounds "11"]
[EventCountry "SVK"]
[SourceTitle "EXT 2019"]
[Source "ChessBase"]
[SourceDate "2018.10.10"]
[SourceVersion "1"]
[SourceVersionDate "2018.10.10"]
[SourceQuality "1"]
[WhiteTeam "Kosice 1 CC"]
[BlackTeam "Bardejov II"]
[WhiteTeamCountry "SVK"]
[BlackTeamCountry "SVK"]

1. d4 Nf6 2. Nf3 e6 3. Bf4 d5 4. e3 Nc6 5. Nbd2 Be7 6. Ne5 Nxe5 7. dxe5 Nd7 8. Qg4 g5 9. Bg3 h5 10. Qa4 h4 1/2-1/2

[Event "SVK-chT2D 1617"]
[Site "Slovakia"]
[Date "2017.03.11"]
[Round "10.7"]
[White "Matirko, Ervin"]
[Black "Brodzak, Jan"]
[Result "1-0"]
[WhiteElo "1770"]
[BlackElo "1915"]
[PlyCount "59"]
[EventDate "2016.10.08"]
[EventType "team-tourn"]
[EventRounds "11"]
[EventCountry "SVK"]
[SourceTitle "EXT 2019"]
[Source "ChessBase"]
[SourceDate "2018.10.10"]
[SourceVersion "1"]
[SourceVersionDate "2018.10.10"]
[SourceQuality "1"]
[WhiteTeam "Kosice Dynamo"]
[BlackTeam "Bardejov II"]
[WhiteTeamCountry "SVK"]
[BlackTeamCountry "SVK"]

1. d4 d5 2. c4 Nc6 3. e3 e6 4. Nf3 Nf6 5. Nc3 Bb4 6. a3 Bxc3+ 7. bxc3 0-0 8. Bd3 Re8 9. 0-0 h6 10. Qc2 Bd7 11. Ne5 dxc4 12. Bxc4 Nxe5 13. dxe5 Nd5 14. e4 Nb6 15. Bd3 Ba4 16. Qe2 Qd7 17. f4 Rad8 18. Rf3 Qe7 19. Be3 Rd7 20. Rg3 Red8 21. Qg4 f6 22. exf6 Qxf6 23. e5 Qe7 24. Bd4 Qe8 25. Bg6 Qe7 26. f5 Bb3 27. f6 Qf8 28. Bd3 Bc4 29. Bc2 Rxd4 30. cxd4 1-0

[Event "SVK-chT2D 1617"]
[Site "Slovakia"]
[Date "2016.11.05"]
[Round "3.8"]
[White "Belis, Rudolf"]
[Black "Brodzak, Jan"]
[Result "1/2-1/2"]
[WhiteElo "1971"]
[BlackElo "1915"]
[PlyCount "86"]
[EventDate "2016.10.08"]
[EventType "team-tourn"]
[EventRounds "11"]
[EventCountry "SVK"]
[SourceTitle "EXT 2018"]
[Source "ChessBase"]
[SourceDate "2017.10.13"]
[SourceVersion "1"]
[SourceVersionDate "2017.10.13"]
[SourceQuality "1"]
[WhiteTeam "Presov Tatran"]
[BlackTeam "Bardejov II"]
[WhiteTeamCountry "SVK"]
[BlackTeamCountry "SVK"]

1. d4 Nf6 2. c4 e6 3. Nf3 d5 4. Nc3 c6 5. e3 Bb4 6. Qc2 Ne4 7. Bd2 Nxd2 8. Nxd2 0-0 9. Bd3 g6 10. h4 Nd7 11. h5 Qf6 12. f4 Re8 13. 0-0-0 Nf8 14. hxg6 fxg6 15. Rh6 Bxc3 16. bxc3 Re7 17. Rdh1 c5 18. Nf3 cxd4 19. cxd4 Bd7 20. Ne5 Be8 21. g4 Rc8 22. g5 Qg7 23. Qh2 Rec7 24. Ng4 Rf7 25. Nf6+ Rxf6 26. gxf6 Qxf6 27. f5 exf5 28. Kd2 dxc4 29. Bc2 Qb6 30. Rxh7 Nxh7 31. Qxh7+ Kf8 32. Rf1 c3+ 33. Kd1 Rc7 34. Qh4 Rf7 35. Bb3 Qf6 36. Qf4 Re7 37. Kc2 Bf7 38. d5 Re8 39. e4 Qe5 40. Qh6+ Qg7 41. Qxg7+ Kxg7 42. exf5 gxf5 43. Kxc3 Kf6 1/2-1/2

[Event "SVK-chT1E 1415"]
[Site "Slovakia"]
[Date "2015.01.31"]
[Round "7.7"]
[White "Brodzak, Jan"]
[Black "Ondo, Radoslav"]
[Result "1/2-1/2"]
[WhiteElo "1905"]
[BlackElo "2073"]
[PlyCount "57"]
[EventDate "2014.10.18"]
[EventType "team-tourn"]
[EventRounds "11"]
[EventCountry "SVK"]
[SourceTitle "EXT 2016"]
[Source "ChessBase"]
[SourceDate "2015.10.08"]
[SourceVersion "1"]
[SourceVersionDate "2015.10.08"]
[SourceQuality "1"]
[WhiteTeam "Bardejov"]
[BlackTeam "Michalovce Zemplin"]
[WhiteTeamCountry "SVK"]
[BlackTeamCountry "SVK"]

1. d4 d5 2. Nf3 e6 3. a3 f5 4. c4 c6 5. Qc2 Nf6 6. e3 Bd6 7. Be2 0-0 8. g3 g6 9. b4 Bd7 10. Bb2 Na6 11. Ne5 Nc7 12. Nd2 Rc8 13. c5 Be7 14. Rc1 a6 15. f4 Nce8 16. Bc3 Ne4 17. Nxe4 dxe4 18. h4 Nf6 19. Kf2 Be8 20. Bd2 h5 21. Qb3 Nd5 22. a4 Bf6 23. Rc2 Ra8 24. a5 Qc7 25. Nc4 Bf7 26. Nb6 Nxb6 27. axb6 Qd7 28. Bc4 Rad8 29. Bc3 1/2-1/2

[Event "SVK-chT1E 1213"]
[Site "Slovakia"]
[Date "2013.03.24"]
[Round "11.1"]
[White "Brodzak, Jan"]
[Black "Adamciak, Tomas"]
[Result "0-1"]
[WhiteElo "1968"]
[BlackElo "1805"]
[PlyCount "74"]
[EventDate "2012.10.20"]
[EventType "team-tourn"]
[EventRounds "11"]
[EventCountry "SVK"]
[SourceTitle "EXT 2015"]
[Source "ChessBase"]
[SourceDate "2014.11.20"]
[SourceVersion "1"]
[SourceVersionDate "2014.11.20"]
[SourceQuality "1"]
[WhiteTeam "Bardejov"]
[BlackTeam "Liptov Chess School"]
[WhiteTeamCountry "SVK"]
[BlackTeamCountry "SVK"]

1. d4 d5 2. g3 Nf6 3. Bg2 c6 4. Nf3 Bf5 5. 0-0 e6 6. Nbd2 Nbd7 7. c3 Bd6 8. Re1 0-0 9. Nh4 Bg4 10. Nf1 c5 11. h3 Bh5 12. Nf3 h6 13. g4 Bg6 14. g5 hxg5 15. Bxg5 Qb6 16. Bc1 Ne4 17. Nh4 Bh7 18. e3 Rfe8 19. Nf3 Rac8 20. N3d2 Ndf6 21. dxc5 Nxc5 22. Nb3 Nd3 23. Re2 e5 24. Rd2 e4 25. Qe2 Re5 26. Nd4 Rg5 27. Kh1 Bf5 28. f4 Rh5 29. Nxf5 Rxf5 30. Ng3 g6 31. Nxf5 gxf5 32. Rd1 Kh7 33. Rg1 Rg8 34. a4 Bc5 35. a5 Qa6 36. Bd2 Rg6 37. Qd1 Nf2+ 0-1

[Event "SVK-chT2D 1112"]
[Site "Slovakia"]
[Date "2012.01.28"]
[Round "8.2"]
[White "Fenda, Zdenek"]
[Black "Brodzak, Jan"]
[Result "1-0"]
[WhiteElo "2078"]
[BlackElo "1960"]
[PlyCount "47"]
[EventDate "2011.10.08"]
[EventType "team-tourn"]
[EventRounds "11"]
[EventCountry "SVK"]
[SourceTitle "EXT 2013"]
[Source "ChessBase"]
[SourceDate "2012.11.22"]
[SourceVersion "1"]
[SourceVersionDate "2012.11.22"]
[SourceQuality "1"]
[WhiteTeam "Margecany OSK"]
[BlackTeam "Zborov Magura"]
[WhiteTeamCountry "SVK"]
[BlackTeamCountry "SVK"]

1. e4 e5 2. Bc4 Nf6 3. d3 Be7 4. f4 Nc6 5. Nf3 exf4 6. Bxf4 0-0 7. Nc3 d6 8. a3 Bg4 9. h3 Nh5 10. hxg4 Nxf4 11. Qd2 Ng6 12. d4 Nh4 13. 0-0-0 Nxf3 14. gxf3 h6 15. f4 Bh4 16. g5 hxg5 17. Rdg1 Ne7 18. Qh2 Ng6 19. Rxg5 Qf6 20. Nd5 Qxg5 21. fxg5 Bxg5+ 22. Kb1 Bh6 23. Nf6+ Kh8 24. Ng4 1-0

[Event "SVK-chT2D 1112"]
[Site "Slovakia"]
[Date "2011.12.03"]
[Round "5.1"]
[White "Brodzak, Jan"]
[Black "Garancovsky, Pavol"]
[Result "1/2-1/2"]
[WhiteElo "1960"]
[BlackElo "2151"]
[PlyCount "37"]
[EventDate "2011.10.08"]
[EventType "team-tourn"]
[EventRounds "11"]
[EventCountry "SVK"]
[SourceTitle "EXT 2013"]
[Source "ChessBase"]
[SourceDate "2012.11.22"]
[SourceVersion "1"]
[SourceVersionDate "2012.11.22"]
[SourceQuality "1"]
[WhiteTeam "Zborov Magura"]
[BlackTeam "Presov Tatran Dason"]
[WhiteTeamCountry "SVK"]
[BlackTeamCountry "SVK"]

1. d4 Nf6 2. c4 g6 3. Nc3 Bg7 4. e4 d6 5. f3 0-0 6. Be3 e5 7. d5 Nh5 8. g4 Nf4 9. Nge2 f5 10. gxf5 gxf5 11. Qd2 Qh4+ 12. Bf2 Qh5 13. Nxf4 exf4 14. 0-0-0 Nd7 15. Rg1 Kh8 16. Bd4 Ne5 17. Qg2 Rf7 18. Bxe5 dxe5 19. Qh3 1/2-1/2

[Event "SVK-chT2D 1112"]
[Site "Slovakia"]
[Date "2011.10.09"]
[Round "2.2"]
[White "Brodzak, Jan"]
[Black "Paluch, Ladislav"]
[Result "1/2-1/2"]
[WhiteElo "1960"]
[BlackElo "2045"]
[PlyCount "76"]
[EventDate "2011.10.08"]
[EventType "team-tourn"]
[EventRounds "11"]
[EventCountry "SVK"]
[SourceTitle "EXT 2013"]
[Source "ChessBase"]
[SourceDate "2012.11.22"]
[SourceVersion "1"]
[SourceVersionDate "2012.11.22"]
[SourceQuality "1"]
[WhiteTeam "Zborov Magura"]
[BlackTeam "Velke Kapusany"]
[WhiteTeamCountry "SVK"]
[BlackTeamCountry "SVK"]

1. e4 e6 2. d4 d5 3. e5 c5 4. c3 Nc6 5. Nf3 Nge7 6. Bd3 Ng6 7. h4 cxd4 8. cxd4 Bb4+ 9. Nc3 Bd7 10. h5 Nge7 11. h6 g6 12. Bg5 Qa5 13. Qd2 Ng8 14. a3 Be7 15. Bxe7 Ngxe7 16. 0-0 a6 17. b4 Qd8 18. Qf4 0-0 19. g4 Nc8 20. g5 b5 21. Nh2 Nb6 22. Ng4 Rc8 23. Rac1 Nb8 24. Ne2 Bc6 25. Ng3 N8d7 26. Kh2 Qe7 27. Rg1 Bb7 28. Nf6+ Nxf6 29. gxf6 Qd8 30. Qg4 Rxc1 31. Rxc1 Nc4 32. Nh5 Qb6 33. Ng7 Nxe5 34. dxe5 Qxf2+ 35. Kh1 d4+ 36. Be4 Qe3 37. Bxb7 Qxc1+ 38. Kg2 Qd2+ 1/2-1/2

[Event "SVK-chT 1011"]
[Site "Slovakia"]
[Date "2011.05.08"]
[Round "11.8"]
[White "Lakatos, Vladimir"]
[Black "Brodzak, Jan"]
[Result "1-0"]
[WhiteElo "2162"]
[BlackElo "1949"]
[PlyCount "99"]
[EventDate "2010.11.27"]
[EventType "team-tourn"]
[EventRounds "11"]
[EventCountry "SVK"]
[SourceTitle "EXT 2012"]
[Source "ChessBase"]
[SourceDate "2011.11.24"]
[SourceVersion "1"]
[SourceVersionDate "2011.11.24"]
[SourceQuality "1"]
[WhiteTeam "Prievidza"]
[BlackTeam "Bardejov"]
[WhiteTeamCountry "SVK"]
[BlackTeamCountry "SVK"]

1. c4 c5 2. Nc3 Nf6 3. g3 g6 4. Bg2 Nc6 5. e4 e5 6. Nge2 Bg7 7. 0-0 d6 8. d3 Be6 9. f4 Nd4 10. Nxd4 cxd4 11. Na4 b6 12. h3 Bd7 13. b4 Nh5 14. Kh2 exf4 15. Bxf4 Nxf4 16. gxf4 Rc8 17. Nb2 0-0 18. Qe1 g5 19. f5 Be5+ 20. Kh1 f6 21. Bf3 Be8 22. Qe2 Kg7 23. Rg1 Rh8 24. Bh5 Bxh5 25. Qxh5 Qe8 26. Qxe8 Rcxe8 27. a4 h5 28. Kg2 Rc8 29. Kf3 Kf7 30. b5 g4+ 31. hxg4 hxg4+ 32. Rxg4 Rh3+ 33. Kf2 Rh2+ 34. Rg2 Rxg2+ 35. Kxg2 Rh8 36. Rh1 Rg8+ 37. Kf2 Bg3+ 38. Kf3 Be5 39. Rh7+ Rg7 40. Rxg7+ Kxg7 41. Kg4 Kf7 42. Nd1 Ke7 43. Kh5 d5 44. exd5 Kd6 45. Nf2 Kc5 46. Ne4+ Kb4 47. d6 Bxd6 48. Nxd6 Kc3 49. Ne4+ Kxd3 50. Nxf6 1-0

[Event "SVK-chT1E 0910"]
[Site "Slovakia"]
[Date "2010.03.06"]
[Round "10.5"]
[White "Krajnak, Jan"]
[Black "Brodzak, Jan"]
[Result "1-0"]
[WhiteElo "2071"]
[BlackElo "1979"]
[PlyCount "109"]
[EventDate "2009.10.17"]
[EventType "team"]
[EventRounds "11"]
[EventCountry "SVK"]
[SourceTitle "EXT 2011"]
[Source "ChessBase"]
[SourceDate "2010.11.26"]
[SourceVersion "1"]
[SourceVersionDate "2010.11.26"]
[SourceQuality "1"]
[WhiteTeam "Svit"]
[BlackTeam "Bardejov BSK"]
[WhiteTeamCountry "SVK"]
[BlackTeamCountry "SVK"]

1. e4 e5 2. f4 exf4 3. Nf3 Be7 4. Bc4 Bh4+ 5. Kf1 d6 6. d4 Bf6 7. Bxf4 Nc6 8. c3 g5 9. Bg3 g4 10. Ne1 h5 11. Nd3 h4 12. Bf4 Qe7 13. Nd2 Bg5 14. Bxg5 Qxg5 15. Qe2 Nge7 16. Qf2 f5 17. Nf4 Rf8 18. g3 Qh6 19. Kg1 fxe4 20. Qe3 Bd7 21. Nxe4 0-0-0 22. d5 Nb8 23. Qxa7 Rxf4 24. gxf4 Qxf4 25. Re1 Rf8 26. Rf1 Qh6 27. Rxf8+ Qxf8 28. Qf2 Qh6 29. Qd2 Qg6 30. Qf4 Bf5 31. Bd3 Nd7 32. Kg2 Ne5 33. Bc2 Kb8 34. Rd1 h3+ 35. Kg1 Qg7 36. Kh1 N5g6 37. Qg3 Qg8 38. Qf2 Qg7 39. Ng3 Bxc2 40. Qxc2 Qf6 41. Qe4 Qf2 42. Qe2 Qf4 43. Rf1 Qg5 44. c4 Ne5 45. Ne4 Qh6 46. Nf6 Qg5 47. c5 g3 48. hxg3 Qxg3 49. Ne4 Qg8 50. cxd6 cxd6 51. Nxd6 Qxd5+ 52. Ne4 N7g6 53. Rd1 Qc6 54. Rd8+ Kc7 55. Rd2 1-0

[Event "SVK-chT2D 0910"]
[Site "Slovakia"]
[Date "2010.02.27"]
[Round "10.5"]
[White "Recky, Norbert"]
[Black "Brodzak, Jan"]
[Result "1-0"]
[WhiteElo "1957"]
[BlackElo "1979"]
[PlyCount "105"]
[EventDate "2009.10.10"]
[EventType "team"]
[EventRounds "11"]
[EventCountry "SVK"]
[SourceTitle "EXT 2011"]
[Source "ChessBase"]
[SourceDate "2010.11.26"]
[SourceVersion "1"]
[SourceVersionDate "2010.11.26"]
[SourceQuality "1"]
[WhiteTeam "Kosice Slavia III"]
[BlackTeam "Magura Zborov"]
[WhiteTeamCountry "SVK"]
[BlackTeamCountry "SVK"]

1. e4 e5 2. Nf3 Nc6 3. Bb5 a6 4. Ba4 b5 5. Bb3 Be7 6. 0-0 Nf6 7. Re1 0-0 8. c3 d6 9. h3 Na5 10. Bc2 c5 11. d4 Qc7 12. d5 Bd7 13. Nbd2 Rac8 14. b3 Ne8 15. g4 Qd8 16. Nf1 g6 17. Ng3 Ng7 18. Bh6 f6 19. Nh2 Rf7 20. Rf1 Bf8 21. f4 Ne8 22. Bxf8 Rxf8 23. Qe2 Nb7 24. f5 g5 25. Nf3 Ng7 26. Qh2 c4 27. b4 Kf7 28. h4 h6 29. hxg5 hxg5 30. a4 Rh8 31. Qf2 Qc7 32. axb5 Bxb5 33. Ba4 Ra8 34. Bxb5 axb5 35. Ra7 Rxa7 36. Qxa7 Qb8 37. Qa6 Qa8 38. Qxb5 Qa7+ 39. Kg2 Nd8 40. Qxc4 Ne8 41. Qd3 Qa2+ 42. Qd2 Qa6 43. Qb2 Nc7 44. Ra1 Qb6 45. Qf2 Qb8 46. Qa7 Qb7 47. c4 Ke7 48. Nh5 Rf8 49. Qxb7 Nxb7 50. Ra7 Rb8 51. Kf2 Ne8 52. c5 dxc5 53. bxc5 1-0

[Event "SVK-chT1E 0910"]
[Site "Slovakia"]
[Date "2010.02.13"]
[Round "8.2"]
[White "Brodzak, Jan"]
[Black "Mraz, Martin"]
[Result "1-0"]
[WhiteElo "1979"]
[BlackElo "1821"]
[PlyCount "113"]
[EventDate "2009.10.17"]
[EventType "team"]
[EventRounds "11"]
[EventCountry "SVK"]
[SourceTitle "EXT 2011"]
[Source "ChessBase"]
[SourceDate "2010.11.26"]
[SourceVersion "1"]
[SourceVersionDate "2010.11.26"]
[SourceQuality "1"]
[WhiteTeam "Bardejov BSK"]
[BlackTeam "Liptov Chess School"]
[WhiteTeamCountry "SVK"]
[BlackTeamCountry "SVK"]

1. d4 d5 2. c4 c6 3. cxd5 cxd5 4. Nf3 Nf6 5. Nc3 Nc6 6. a3 Bf5 7. e3 a6 8. Be2 h6 9. 0-0 e6 10. Bd3 Bxd3 11. Qxd3 Bd6 12. e4 dxe4 13. Nxe4 Nxe4 14. Qxe4 0-0 15. Bd2 Qd7 16. Bc3 Bc7 17. Rad1 Rad8 18. Rfe1 Qd5 19. Qe2 Rfe8 20. g3 Re7 21. Ne5 Nxe5 22. dxe5 Qc6 23. Rxd8+ Bxd8 24. Qe4 Qxe4 25. Rxe4 Rd7 26. Kf1 Rd5 27. Ke2 Bb6 28. Rb4 Ba5 29. Rxb7 Bxc3 30. bxc3 Rxe5+ 31. Kd3 Ra5 32. Rb3 Kf8 33. c4 e5 34. Ke4 Rc5 35. Kd3 Ke7 36. Rb7+ Ke8 37. Kc3 g6 38. Kb4 Rc6 39. c5 f5 40. Kc4 Rc8 41. Kd5 e4 42. Rg7 g5 43. c6 Kf8 44. Rh7 Kg8 45. Rxh6 Kg7 46. Rd6 Kf7 47. Rd7+ Kf6 48. c7 f4 49. gxf4 gxf4 50. Kxe4 Kg5 51. h4+ Kg4 52. Rg7+ Kxh4 53. Kxf4 Kh5 54. Ke5 Kh6 55. Re7 Kg6 56. Kd6 Kf6 57. Re3 1-0

[Event "SVK-chT2D 0910"]
[Site "Slovakia"]
[Date "2010.02.06"]
[Round "8.3"]
[White "Pacholsky, Martin"]
[Black "Brodzak, Jan"]
[Result "1-0"]
[WhiteElo "2049"]
[BlackElo "1979"]
[PlyCount "57"]
[EventDate "2009.10.10"]
[EventType "team"]
[EventRounds "11"]
[EventCountry "SVK"]
[SourceTitle "EXT 2011"]
[Source "ChessBase"]
[SourceDate "2010.11.26"]
[SourceVersion "1"]
[SourceVersionDate "2010.11.26"]
[SourceQuality "1"]
[WhiteTeam "Margecany"]
[BlackTeam "Magura Zborov"]
[WhiteTeamCountry "SVK"]
[BlackTeamCountry "SVK"]

1. e4 e5 2. Nf3 Nc6 3. d4 exd4 4. Nxd4 Bc5 5. Be3 Bb6 6. c3 d6 7. Nd2 Ne5 8. Be2 Nf6 9. Nc2 Bxe3 10. Nxe3 Ng6 11. 0-0 Nf4 12. Bc4 0-0 13. Qc2 Ng4 14. Nxg4 Bxg4 15. f3 Bd7 16. Nb3 Qg5 17. Kh1 b5 18. Bd3 c5 19. c4 Be6 20. Na5 Qd8 21. Nc6 Qg5 22. Rf2 Nxd3 23. Qxd3 Bxc4 24. Qxd6 Qe3 25. Qg3 Rfe8 26. b3 Qc3 27. Rd1 Bd5 28. exd5 Re1+ 29. Rf1 1-0

[Event "SVK-chT2D 0910"]
[Site "Slovakia"]
[Date "2010.01.09"]
[Round "6.1"]
[White "Koval, Daniel"]
[Black "Brodzak, Jan"]
[Result "1/2-1/2"]
[WhiteElo "2127"]
[BlackElo "1979"]
[PlyCount "88"]
[EventDate "2009.10.10"]
[EventType "team"]
[EventRounds "11"]
[EventCountry "SVK"]
[SourceTitle "EXT 2011"]
[Source "ChessBase"]
[SourceDate "2010.11.26"]
[SourceVersion "1"]
[SourceVersionDate "2010.11.26"]
[SourceQuality "1"]
[WhiteTeam "Presov PSK"]
[BlackTeam "Magura Zborov"]
[WhiteTeamCountry "SVK"]
[BlackTeamCountry "SVK"]

1. c4 c5 2. Nf3 Nf6 3. d4 e6 4. Nc3 cxd4 5. Nxd4 a6 6. e4 d6 7. Be2 Be7 8. 0-0 Nc6 9. Be3 Bd7 10. f4 e5 11. Nf5 Bxf5 12. exf5 0-0 13. g4 exf4 14. Rxf4 h6 15. Qd2 Ne5 16. Rd1 Qc7 17. h4 g5 18. hxg5 hxg5 19. Rd4 Nc6 20. Nd5 Nxd5 21. Rxd5 f6 22. Kg2 Kg7 23. c5 dxc5 24. Bxc5 Rad8 25. Bxe7 Qxe7 26. Bf3 Rxd5 27. Qxd5 Rd8 28. Qb3 Rxd1 29. Qxd1 Ne5 30. Qd5 Nxf3 31. Kxf3 Qc7 32. Qe4 Qd7 33. Ke3 Qc7 34. Kd3 Qd7+ 35. Qd4 Qc7 36. Qe4 Qd7+ 37. Kc3 Qc7+ 38. Kb3 Qd7 39. Qc4 Qd1+ 40. Kb4 Qd6+ 41. Ka5 Qe5+ 42. Kb6 Qxb2+ 43. Ka7 b5 44. Qc7+ Kf8 1/2-1/2

[Event "SVK-chT2D 0708"]
[Site "Slovakia"]
[Date "2007.12.01"]
[Round "5.1"]
[White "Bednar, Milan"]
[Black "Brodzak, Jan"]
[Result "1-0"]
[WhiteElo "2235"]
[BlackElo "1993"]
[PlyCount "77"]
[EventDate "2007.10.06"]
[EventType "team-tourn"]
[EventRounds "11"]
[EventCountry "SVK"]
[SourceTitle "EXT 2010"]
[Source "ChessBase"]
[SourceDate "2010.11.25"]
[SourceVersion "1"]
[SourceVersionDate "2010.11.25"]
[SourceQuality "1"]
[WhiteTeam "Bardejov BSK"]
[BlackTeam "Zborov Magura"]
[WhiteTeamCountry "SVK"]
[BlackTeamCountry "SVK"]

1. d4 d5 2. c4 e6 3. Nc3 Nf6 4. Nf3 a6 5. c5 Nc6 6. Bf4 Nh5 7. Bd2 Nf6 8. h3 Ne4 9. Bf4 g5 10. Bh2 Bg7 11. e3 Nxc3 12. bxc3 b6 13. cxb6 cxb6 14. Nd2 e5 15. Bd3 0-0 16. dxe5 Nxe5 17. Bxe5 Bxe5 18. Qh5 f5 19. Rc1 Qf6 20. c4 Be6 21. cxd5 Bxd5 22. 0-0 b5 23. Bb1 Rac8 24. Nf3 Bxf3 25. Qxf3 Rc3 26. Rxc3 Bxc3 27. Rd1 Kg7 28. Qd5 Rf7 29. Qd3 b4 30. Bc2 Be5 31. Bb3 Rc7 32. Qd5 Bb2 33. Qg8+ Kh6 34. Qb8 Rc1 35. Rxc1 Bxc1 36. Qxb4 Qc6 37. Qf8+ Kh5 38. Qxf5 Qg6 39. Bf7 1-0

[Event "SVK-chT2D 0506"]
[Site "Slovakia"]
[Date "2006.02.11"]
[Round "8.2"]
[White "Brodzak, Jan"]
[Black "Slacky, Stanislav"]
[Result "1/2-1/2"]
[WhiteElo "2033"]
[BlackElo "2009"]
[PlyCount "83"]
[EventDate "2005.10.22"]
[EventType "team-tourn"]
[EventRounds "11"]
[EventCountry "SVK"]
[SourceTitle "EXT 2009"]
[Source "ChessBase"]
[SourceDate "2008.11.26"]
[SourceVersion "1"]
[SourceVersionDate "2008.11.26"]
[SourceQuality "1"]

1. d4 d5 2. c4 c6 3. cxd5 cxd5 4. Nc3 e6 5. Nf3 Bd6 6. g3 Ne7 7. Bg2 0-0 8. 0-0 Nbc6 9. e4 dxe4 10. Nxe4 Nf5 11. Nxd6 Qxd6 12. Be3 Rd8 13. Qe2 Nb4 14. a3 Nd5 15. Ng5 h6 16. Ne4 Qe7 17. Nc3 b6 18. Nxd5 exd5 19. Qd3 a5 20. Rfe1 Qf6 21. b4 Ne7 22. Bf4 Bf5 23. Qd2 Ng6 24. Bc7 Rd7 25. Rac1 Ra7 26. Re8+ Kh7 27. Be5 Nxe5 28. dxe5 Qg6 29. f4 Qh5 30. b5 f6 31. Rec8 fxe5 32. fxe5 Re7 33. Qxd5 Bxc8 34. Rxc8 Re8 35. Qd3+ Kh8 36. Rxe8+ Qxe8 37. e6 Rc7 38. Bc6 Qf8 39. Qd5 Qf6 40. Qd6 Re7 41. Bd7 Kh7 42. Kg2 1/2-1/2